Tenures of land & customs of manors (Record no. 113958)
[ view plain ]
| 000 -LEADER | |
|---|---|
| fixed length control field | 00786cam a22002055a 4500 |
| 001 - CONTROL NUMBER | |
| control field | L155980 |
| 008 - FIXED-LENGTH DATA ELEMENTS--GENERAL INFORMATION | |
| fixed length control field | 120424s1874 xxk f 000 0 eng d |
| 035 ## - SYSTEM CONTROL NUMBER | |
| System control number | (Sirsi) u155980 |
| 041 0# - LANGUAGE CODE | |
| Language code of text/sound track or separate title | eng |
| 100 1# - MAIN ENTRY--PERSONAL NAME | |
| Personal name | Blount, Thomas |
| Dates associated with a name | 1618-1679 |
| 245 00 - TITLE STATEMENT | |
| Title | Tenures of land & customs of manors |
| Statement of responsibility, etc. | originally collected by Thomas Blount and republished with large additions and improvements in 1784 and 1815 |
| 250 ## - EDITION STATEMENT | |
| Edition statement | New ed., entirely re-arranged, carefully corr. and considerably enl. |
| Remainder of edition statement | by W. Carew Hazlitt |
| 260 ## - PUBLICATION, DISTRIBUTION, ETC. | |
| Place of publication, distribution, etc. | London |
| Name of publisher, distributor, etc. | Reeves and Turner |
| Date of publication, distribution, etc. | 1874 |
| 300 ## - PHYSICAL DESCRIPTION | |
| Extent | xv, 456 p. |
| Dimensions | 24 cm. |
| 583 ## - ACTION NOTE | |
| Action | Condition reviewed |
| Time/date of action | 20120620 |
| Status | condition level 1 |
| 651 #4 - SUBJECT ADDED ENTRY--GEOGRAPHIC NAME | |
| Geographic name | Great Britain |
| Chronological subdivision | 1707- |
| 690 ## - LOCAL SUBJECT ADDED ENTRY--TOPICAL TERM (OCLC, RLIN) | |
| Topical term or geographic name as entry element | Landlord and tenant |
| 9 (RLIN) | 6252 |
| 700 1# - ADDED ENTRY--PERSONAL NAME | |
| Personal name | Hazlitt, William Carew |
| Dates associated with a name | 1834-1913 |
| 942 ## - ADDED ENTRY ELEMENTS (KOHA) | |
| Suppress in OPAC | 0 |
| Withdrawn status | Lost status | Source of classification or shelving scheme | Damaged status | Not for loan | Home library | Current library | Shelving location | Date acquired | Total Checkouts | Full call number | Barcode | Date last seen | Copy number | Price effective from | Koha item type |
|---|---|---|---|---|---|---|---|---|---|---|---|---|---|---|---|
| Dewey Decimal Classification | Historic collection | Historic collection | Historic collection | 24/04/2012 | OCTAVO 1874 BLOUNT | 30077855 | 06/08/2019 | 1 | 06/08/2019 | Book |